| 000 | 00402 a2200121 4500 | ||
|---|---|---|---|
| 020 | _a9788120335868 | ||
| 082 | _a551.48 DAS | ||
| 100 | _aDas, Ghanshyam | ||
| 245 |
_aHydrology and Soil Conservation Engineering including Watershed Management _cGhanshyam Das |
||
| 250 | _a2 nd ed. | ||
| 260 |
_aNew Delhi : _bPHI Learning Private Limited _c2009 |
||
| 300 |
_axii, 539p. : _bill . ; _c23 cm |
||
| 650 | _aHydrology and Soil Conservation | ||
| 999 |
_c657 _d657 |
||